000 00720nam a2200181 a 4500
003 0
005 20250602152016.0
008 021022s19uu xx 00 eng d
050 _aPHS LB 2395
_b.N46 2002
100 _aNgo, Christopher Anthony A.
245 _aThe College environment factors in developing study habits of selected college students from top universities /
_cChristopher Anthony A. Ngo.
260 _aLas PiƱas City, Philippines :
_bSouthville International School and Colleges,
_c2002.
300 _a102 pages :
_billustrations ;
_c28 cm.
504 _aIncludes bibliographical references.
650 _aStudy skills.
650 _aUniversities and colleges
_xEnvironmental aspects.
942 _2lcc
_cPASS
999 _c96726
_d96726